Complementos de geometría proyectiva

Guardat en:
Dades bibliogràfiques
Autor principal: Bertini, Eugenio (Autor)
Format: Llibre
Idioma:espanyol
Publicat: Madrid Aguilar 1951
Matèries:
Etiquetes: Afegir etiqueta
Sense etiquetes, Sigues el primer a etiquetar aquest registre!

MARC

LEADER 00000nam a2200000 a 4500
001 UCV7856
003 CL-VaPUC
008 891115e19510000SP |||||||||||||||||spa|d
082 0 4 |a 516.5  |b BER  |2 21 
100 0 |a Bertini, Eugenio  |e author  |9 301964 
245 1 0 |a Complementos de geometría proyectiva 
300 |a 327 p 
942 |c BK 
945 |d 19891115 00:00:00 
260 |a Madrid  |b Aguilar  |c 1951 
650 0 |a Geometría proyectiva   |9 262638 
583 |a last modification  |c 19891115 00:00:00  |k Rodrigo Vera 
999 |c 213466  |d 213464 
952 |0 0  |1 0  |4 0  |6 516_500000000000000_BER_1951  |7 0  |8 P  |9 195872  |a BIBARQ  |b BIBARQ  |d 2019-11-14  |i 2638622  |o 516.5 BER 1951  |p 2638622  |r 2025-01-20  |w 2019-11-14  |y BK  |k ARQ 
952 |0 0  |1 0  |4 0  |6 516_500000000000000_BER_1951  |7 0  |8 A  |9 195873  |a BIBMAT  |b BIBMAT  |d 2019-11-14  |i 1303910  |o 516.5 BER 1951  |p 1303910  |r 2025-01-07  |w 2019-11-14  |y BK  |k MAT